000 00418nam a22001817a 4500
003 MPLRDC
005 20220104113928.0
008 210129b ||||| |||| 00| 0 eng d
082 _a848.2 QJ-2 v.8*
100 _a琦君著
245 _a母心似天空
_c
250 _a十五印
260 _a
_b尔雅出版社
_c1987
300 _b
490 _a尔雅丛书;101
650 _a
942 _cBK
_o848.2 QJ-2 v.8*
999 _c3462
_d3452